| 000 | 00500nam a2200193Ia 4500 | ||
|---|---|---|---|
| 003 | OSt | ||
| 005 | 20240517143740.0 | ||
| 008 | 210210b1995 xxu||||| |||| 00| 0 eng d | ||
| 040 | _cAL | ||
| 041 | _akan | ||
| 082 | _a350.092K SHEH | ||
| 100 |
_aSHESHAN (T N) _9165884 |
||
| 245 |
_aHore hotta hradaya: _bಹೊರೆ ಹೊತ್ತ ಹೃದಯ |
||
| 260 |
_aBengaluru _bVasan Buk Dipo _c1995 |
||
| 300 | _a160 | ||
| 690 |
_aPublic Administration _9165885 |
||
| 906 | _a050195 | ||
| 942 |
_2ddc _cBK |
||
| 999 |
_c98768 _d98768 |
||